[Event "España ch sub-18 2012"]
[Site "Salobreña ESP"]
[Date "2012.07.23"]
[Round "2.24"]
[White "Aranaz Murillo, Amalia"]
[Black "Pardo Simon, David"]
[Result "1/2-1/2"]
[WhiteElo "2248"]
[BlackElo "2421"]
[PlyCount "96"]
[EventDate "2012.07.23"]
[EventType "swiss"]
[EventRounds "9"]
[EventCountry "ESP"]
[Source "lmi"]
[SourceDate "2012.07.23"]

1. Nf3 b5 2. e4 a6 3. d4 Bb7 4. Bd3 e6 5. O-O c5 6. c3 d6 7. Re1 Nd7 8. Nbd2
Qc7 9. Nf1 g6 10. Ng3 Bg7 11. Be3 Ngf6 12. h3 O-O 13. Qe2 Nb6 14. Rad1 Nfd7 15.
Bc1 Rae8 16. Bb1 e5 17. d5 c4 18. h4 Nc5 19. h5 Bc8 20. Nh2 Qe7 21. Nhf1 Qh4
22. Ne3 Bd7 23. Rf1 a5 24. Bd2 Rc8 25. Bc2 Rc7 26. Rb1 Bc8 27. b3 Qd8 28. bxc4
Nxc4 29. Nxc4 bxc4 30. Rb8 Qd7 31. Rfb1 Ba6 32. Rxf8+ Kxf8 33. Nf1 Rb7 34. Qd1
Bf6 35. Be3 Qc7 36. Nd2 Bd8 37. Rxb7 Nxb7 38. Qg4 Nc5 39. hxg6 hxg6 40. Qh3 Bf6
41. Nf3 Nd3 42. Bg5 Bg7 43. Qh7 Nf4 44. Bh6 Bxh6 45. Qxh6+ Kg8 46. Ng5 f6 47.
g3 fxg5 48. gxf4 gxf4 1/2-1/2

[Event "España ch sub-18 2012"]
[Site "Salobreña ESP"]
[Date "2012.07.24"]
[Round "3.1"]
[White "Anton Guijarro, David"]
[Black "Fernandez Diaz, Cristian"]
[Result "1-0"]
[WhiteElo "2490"]
[BlackElo "2162"]
[PlyCount "59"]
[EventDate "2012.07.23"]
[EventType "swiss"]
[EventRounds "9"]
[EventCountry "ESP"]
[Source "lmi"]
[SourceDate "2012.07.23"]

1. Nf3 Nf6 2. d4 g6 3. Bg5 Ne4 4. Bf4 Bg7 5. Nbd2 d5 6. c3 c5 7. e3 Nxd2 8.
Qxd2 Nc6 9. dxc5 O-O 10. Rd1 e5 11. Bg3 Be6 12. b4 f6 13. c4 dxc4 14. Qc3 Qe8
15. Rd6 Bf7 16. Bxc4 e4 17. Nd4 f5 18. O-O g5 19. h4 f4 20. Bh2 h6 21. hxg5
hxg5 22. Rg6 Qe5 23. Bxf7+ Rxf7 24. Ne2 Qf5 25. Rxg7+ Rxg7 26. exf4 gxf4 27.
Nxf4 Ne5 28. Bg3 Nf3+ 29. gxf3 Qxf4 30. Qxg7+ 1-0

[Event "España ch sub-18 2012"]
[Site "Salobreña ESP"]
[Date "2012.07.24"]
[Round "3.2"]
[White "Acosta Sosa, Juan Manuel"]
[Black "Forcen Esteban, Daniel"]
[Result "0-1"]
[WhiteElo "2166"]
[BlackElo "2457"]
[PlyCount "60"]
[EventDate "2012.07.23"]
[EventType "swiss"]
[EventRounds "9"]
[EventCountry "ESP"]
[Source "lmi"]
[SourceDate "2012.07.23"]

1. c4 c5 2. Nc3 Nc6 3. g3 g6 4. Bg2 Bg7 5. e3 e5 6. Nge2 Nge7 7. O-O O-O 8. Nd5
d6 9. Nec3 Rb8 10. a3 a5 11. b3 h5 12. Bb2 Bg4 13. Qc2 h4 14. Nxe7+ Nxe7 15.
Nd5 Nxd5 16. Bxd5 Qg5 17. gxh4 Qh5 18. f4 Bh3 19. Rf2 Bf6 20. Bf3 Qxh4 21. fxe5
dxe5 22. Qe4 Qg5+ 23. Kh1 Bf5 24. Qd5 Qh4 25. Raf1 Rbd8 26. Qxc5 Bd3 27. Be2
Be4+ 28. Bf3 Bxf3+ 29. Rxf3 Rxd2 30. Bxe5 Qg5 0-1

[Event "España ch sub-18 2012"]
[Site "Salobreña ESP"]
[Date "2012.07.24"]
[Round "3.3"]
[White "Villaseñor Rubio, Emilio Jose"]
[Black "Sanchez Ibern, Marc"]
[Result "0-1"]
[WhiteElo "2159"]
[BlackElo "2364"]
[PlyCount "118"]
[EventDate "2012.07.23"]
[EventType "swiss"]
[EventRounds "9"]
[EventCountry "ESP"]
[Source "lmi"]
[SourceDate "2012.07.23"]

1. e4 c5 2. Nf3 d6 3. d4 Nf6 4. Nc3 cxd4 5. Nxd4 Nc6 6. Bg5 Bd7 7. Qd2 a6 8.
O-O-O e6 9. f3 Be7 10. h4 h6 11. Be3 h5 12. Kb1 Qc7 13. Be2 b5 14. Bd3 Ne5 15.
f4 Nc4 16. Bxc4 Qxc4 17. e5 b4 18. Nce2 Nd5 19. Nf5 exf5 20. exd6 Be6 21. dxe7
Kxe7 22. b3 Qc7 23. Bd4 f6 24. Rh3 Kf7 25. Rd3 a5 26. Bb2 Rhd8 27. Nd4 Nxf4 28.
Nxe6 Nxe6 29. Qe2 Nf4 30. Rxd8 Nxe2 31. Rxa8 Nc3+ 32. Bxc3 bxc3 33. Rad8 Qg3
34. R8d7+ Kg6 35. R7d3 Qxg2 36. Rxc3 f4 37. Kb2 f3 38. Rdd3 Qh2 39. Rxf3 Qxh4
40. a3 Qd4 41. Rfd3 Qb6 42. Rc4 Kh6 43. b4 g5 44. Rd5 h4 45. b5 Kg6 46. Rc6 Qb7
47. c4 h3 48. Rdd6 g4 49. Rxf6+ Kg5 50. Rh6 Qg7+ 51. Kc2 Qa1 52. b6 Qa2+ 53.
Kc3 Qxa3+ 54. Kd4 Qb2+ 55. Ke4 Qb1+ 56. Kd5 h2 57. Rxh2 Qf5+ 58. Kd6 Qf4+ 59.
Kc5 Qe5# 0-1

[Event "España ch sub-18 2012"]
[Site "Salobreña ESP"]
[Date "2012.07.24"]
[Round "3.4"]
[White "Ladron De Guevara Pinto, Paolo"]
[Black "Shen, Yue"]
[Result "1-0"]
[WhiteElo "2353"]
[BlackElo "2148"]
[PlyCount "61"]
[EventDate "2012.07.23"]
[EventType "swiss"]
[EventRounds "9"]
[EventCountry "ESP"]
[Source "lmi"]
[SourceDate "2012.07.23"]

1. c4 Nf6 2. g3 e6 3. Bg2 d5 4. Nf3 Be7 5. d4 c6 6. Qc2 O-O 7. O-O Nbd7 8. Nbd2
b6 9. Rd1 Bb7 10. e4 dxe4 11. Nxe4 Nxe4 12. Qxe4 Nf6 13. Qc2 Qc8 14. b3 c5 15.
Bb2 Be4 16. Qe2 cxd4 17. Nxd4 Bxg2 18. Kxg2 Qc5 19. Qf3 Rfc8 20. Rd2 e5 21. Nf5
e4 22. Qf4 Bf8 23. Nh6+ Kh8 24. Nxf7+ Kg8 25. Nh6+ Kh8 26. Bxf6 gxf6 27. Rd7
Bg7 28. Nf7+ Kg8 29. Qg4 Kf8 30. Nd6 Qg5 31. Qe6 1-0

[Event "España ch sub-18 2012"]
[Site "Salobreña ESP"]
[Date "2012.07.24"]
[Round "3.5"]
[White "Suarez Uriel, Adrian"]
[Black "Amores Gago, Javier"]
[Result "1-0"]
[WhiteElo "2249"]
[BlackElo "2135"]
[PlyCount "53"]
[EventDate "2012.07.23"]
[EventType "swiss"]
[EventRounds "9"]
[EventCountry "ESP"]
[Source "lmi"]
[SourceDate "2012.07.23"]

1. e4 d5 2. exd5 Qxd5 3. Nf3 Bg4 4. Be2 Nf6 5. d4 Nc6 6. c4 Qf5 7. Be3 O-O-O 8.
Nc3 e5 9. d5 e4 10. Nd4 Nxd4 11. Bxd4 a6 12. Bxf6 Bxe2 13. Qxe2 gxf6 14. O-O-O
Re8 15. Qe3 Kb8 16. c5 h5 17. f4 Qd7 18. Qd4 Rg8 19. Nxe4 Rxg2 20. Rhe1 Bg7 21.
c6 Qe7 22. Qc3 f5 23. Nf6 Qxf6 24. Rxe8+ Ka7 25. Qe3+ b6 26. Qe5 Qd6 27. Qxd6
1-0

[Event "España ch sub-18 2012"]
[Site "Salobreña ESP"]
[Date "2012.07.24"]
[Round "3.6"]
[White "Nicolas Zapata, Irene"]
[Black "Arnedo Ruiz, Alberto"]
[Result "1-0"]
[WhiteElo "2235"]
[BlackElo "2124"]
[PlyCount "108"]
[EventDate "2012.07.23"]
[EventType "swiss"]
[EventRounds "9"]
[EventCountry "ESP"]
[Source "lmi"]
[SourceDate "2012.07.23"]

1. d4 Nf6 2. Nf3 d5 3. c4 e6 4. e3 Be7 5. Bd3 O-O 6. O-O c5 7. Nc3 b6 8. cxd5
cxd4 9. exd4 Nxd5 10. Nxd5 exd5 11. Ne5 Ba6 12. Bxa6 Nxa6 13. Qe2 Qc8 14. Bf4
Qb7 15. Qg4 Rfd8 16. Rfe1 Bf6 17. Re3 Qc8 18. Qh5 g6 19. Qh6 Bg7 20. Qh4 h5 21.
Rae1 Re8 22. h3 Qf5 23. Bh2 Bf6 24. Qg3 h4 25. Qg4 Qxg4 26. Nxg4 Rxe3 27. Nxf6+
Kg7 28. Rxe3 Kxf6 29. Be5+ Kf5 30. Rc3 Re8 31. Rf3+ Ke6 32. Ra3 f6 33. Bf4 Kf5
34. Be3 Nb4 35. Rxa7 Nc2 36. Rd7 Nxe3 37. fxe3 Rxe3 38. Rxd5+ Ke4 39. Rd6 Re1+
40. Kf2 Rc1 41. Rxb6 Rc2+ 42. Kg1 Kxd4 43. Rxf6 Rxb2 44. Rxg6 Rxa2 45. Rg4+ Ke3
46. Rxh4 Ra1+ 47. Kh2 Ra2 48. Rg4 Ra8 49. Rb4 Rg8 50. h4 Kf2 51. Rb2+ Ke3 52.
Kh3 Kf4 53. Rf2+ Ke5 54. g4 Kd5 1-0

[Event "España ch sub-18 2012"]
[Site "Salobreña ESP"]
[Date "2012.07.24"]
[Round "3.7"]
[White "Cerrato Torrijos, Maria"]
[Black "Navarro Lopez-Menchero, Daniel"]
[Result "1/2-1/2"]
[WhiteElo "2114"]
[BlackElo "2230"]
[PlyCount "84"]
[EventDate "2012.07.23"]
[EventType "swiss"]
[EventRounds "9"]
[EventCountry "ESP"]
[Source "lmi"]
[SourceDate "2012.07.23"]

1. e4 c5 2. Nc3 e6 3. Nge2 a6 4. d4 cxd4 5. Nxd4 b5 6. g3 Bb7 7. Bg2 Nc6 8. O-O
Bc5 9. Nxc6 Bxc6 10. Qg4 Bd4 11. Be3 h5 12. Qf4 Bxe3 13. Qxe3 Nf6 14. e5 Ng4
15. Qd4 Bxg2 16. Kxg2 Qc7 17. Rae1 O-O 18. h3 Nh6 19. Qd1 b4 20. Ne2 Qxe5 21.
Nf4 Qxb2 22. Nxh5 Qxa2 23. Re5 f6 24. Qxd7 Rf7 25. Qxe6 Qxc2 26. Re4 b3 27. Rb4
Qc5 28. Rh4 Qc3 29. Rb1 Rb8 30. Qxa6 b2 31. Rc4 Qe5 32. Rc8+ Rf8 33. Qc4+ Nf7
34. Rxf8+ Kxf8 35. Nf4 Qf5 36. Qd3 Qxd3 37. Nxd3 Rb3 38. Nc5 Rb5 39. Nd3 Rb3
40. Nc5 Rb5 41. Nd3 Rd5 42. Ne1 Rb5 1/2-1/2

[Event "España ch sub-18 2012"]
[Site "Salobreña ESP"]
[Date "2012.07.24"]
[Round "3.8"]
[White "Capote Robayna, Nathaniel"]
[Black "Rodriguez Ferraz, Borja"]
[Result "1/2-1/2"]
[WhiteElo "2044"]
[BlackElo "2172"]
[PlyCount "91"]
[EventDate "2012.07.23"]
[EventType "swiss"]
[EventRounds "9"]
[EventCountry "ESP"]
[Source "lmi"]
[SourceDate "2012.07.23"]

1. e4 e5 2. Nf3 Nc6 3. Bb5 a6 4. Ba4 Nf6 5. O-O b5 6. Bb3 Bc5 7. Nxe5 Nxe5 8.
d4 Bxd4 9. Qxd4 Nc6 10. Qc3 O-O 11. e5 Ng4 12. f4 Qe7 13. Qf3 Nh6 14. f5 Qxe5
15. Bxh6 gxh6 16. Nc3 Kh8 17. Qh5 Bb7 18. Qxh6 Qg7 19. Qxg7+ Kxg7 20. Rad1 Ne5
21. Nd5 c5 22. f6+ Kh8 23. c3 Rg8 24. Rf5 Ng4 25. h3 Bxd5 26. Bxd5 Ne3 27. Bxa8
Rxa8 28. Rfd5 Nxd1 29. Rxd1 Ra7 30. Rd5 Rc7 31. Rd6 Ra7 32. Kf2 h6 33. h4 b4
34. c4 a5 35. Kf3 a4 36. Kf4 a3 37. b3 Kh7 38. h5 Kg8 39. Kf5 Ra8 40. Rxd7 Re8
41. Rd2 Re1 42. g4 Rb1 43. Rd8+ Kh7 44. Rf8 Rf1+ 45. Ke5 Rf5+ 46. Ke4 1/2-1/2

[Event "España ch sub-18 2012"]
[Site "Salobreña ESP"]
[Date "2012.07.24"]
[Round "3.9"]
[White "Medarde Santiago, Luis Marcos"]
[Black "Bals Hernandez, Jordi"]
[Result "1/2-1/2"]
[WhiteElo "2024"]
[BlackElo "2166"]
[PlyCount "118"]
[EventDate "2012.07.23"]
[EventType "swiss"]
[EventRounds "9"]
[EventCountry "ESP"]
[Source "lmi"]
[SourceDate "2012.07.23"]

1. e4 c5 2. Nf3 Nc6 3. d4 cxd4 4. Nxd4 g6 5. Nc3 Bg7 6. Be3 Nf6 7. Bc4 O-O 8.
Bb3 d6 9. f3 Bd7 10. Qd2 Na5 11. O-O-O Nxb3+ 12. cxb3 Qa5 13. g4 e5 14. Nde2 d5
15. Nxd5 Qxd2+ 16. Rxd2 Nxd5 17. Rxd5 Be6 18. Rd6 Rfc8+ 19. Kb1 Bf8 20. Rd3 f5
21. h3 Kf7 22. Nc3 h5 23. g5 f4 24. Bf2 Rd8 25. Kc2 Rxd3 26. Kxd3 Rd8+ 27. Ke2
b6 28. Nb5 Bc8 29. a4 Bb4 30. Rd1 Rxd1 31. Kxd1 a6 32. Nc7 Bxh3 33. Nxa6 Be7
34. Bh4 Bd6 35. b4 Bf1 36. b5 Bc4 37. Kd2 Bb3 38. a5 bxa5 39. b6 Ke6 40. b7 Bc4
41. b8=Q Bxb8 42. Nxb8 Kd6 43. Kd1 Kc7 44. Be1 a4 45. Bc3 Kxb8 46. Bxe5+ Kc8
47. Bxf4 Kd7 48. Kd2 Ke6 49. Ke3 Bb3 50. Bg3 Bd1 51. f4 Bc2 52. Be1 Bb1 53. Bc3
Bc2 54. Kd4 Bb1 55. Be1 Bc2 56. Bf2 Bb1 57. Bg3 Bc2 58. Bh4 Bb1 59. Bf2 Bc2
1/2-1/2

[Event "España ch sub-18 2012"]
[Site "Salobreña ESP"]
[Date "2012.07.24"]
[Round "3.10"]
[White "Alcaraz Ortega, Javier"]
[Black "Barrio Ugidos, Ibon"]
[Result "1-0"]
[WhiteElo "2297"]
[BlackElo "1855"]
[PlyCount "55"]
[EventDate "2012.07.23"]
[EventType "swiss"]
[EventRounds "9"]
[EventCountry "ESP"]
[Source "lmi"]
[SourceDate "2012.07.23"]

1. d4 d5 2. Nf3 Nf6 3. c4 c6 4. Nc3 dxc4 5. a4 e6 6. e4 Bb4 7. Qc2 b5 8. Be2
Bb7 9. O-O a6 10. Bd2 Be7 11. e5 Nd5 12. Ne4 Qc7 13. b3 cxb3 14. Qxb3 Nd7 15.
Rfc1 Qb6 16. axb5 cxb5 17. Ba5 Qa7 18. Nd6+ Bxd6 19. exd6 f6 20. Bc7 b4 21. Qa4
Nc3 22. Rxc3 bxc3 23. Bc4 O-O 24. Bxe6+ Kh8 25. Bxd7 Bxf3 26. gxf3 Qb7 27. Bc6
Qb2 28. Qa2 1-0

[Event "España ch sub-18 2012"]
[Site "Salobreña ESP"]
[Date "2012.07.24"]
[Round "3.11"]
[White "Meneses Gonzalez, Kevin Moises"]
[Black "Norte Garcia, Andrea"]
[Result "1-0"]
[WhiteElo "2264"]
[BlackElo "1983"]
[PlyCount "78"]
[EventDate "2012.07.23"]
[EventType "swiss"]
[EventRounds "9"]
[EventCountry "ESP"]
[Source "lmi"]
[SourceDate "2012.07.23"]

1. e4 c5 2. Nf3 e6 3. d4 cxd4 4. Nxd4 a6 5. Bd3 Nf6 6. O-O Qc7 7. Qe2 d6 8. c4
g6 9. Nc3 Bg7 10. Rd1 O-O 11. Nf3 Nbd7 12. Bf4 Ng4 13. Rac1 Nge5 14. b3 b6 15.
Bb1 Nxf3+ 16. Qxf3 Ne5 17. Qe2 Bb7 18. Qd2 Rfd8 19. Bg5 f6 20. Be3 Bf8 21. Na4
Nd7 22. f4 Nc5 23. Nc3 f5 24. Qf2 Rab8 25. exf5 gxf5 26. b4 Nd7 27. Bd4 Bg7 28.
Nd5 exd5 29. Bxg7 Kxg7 30. cxd5 Nc5 31. bxc5 dxc5 32. Qb2+ Kg8 33. Bxf5 Bc8 34.
Bxc8 Rbxc8 35. Rc3 Rd7 36. Rg3+ Rg7 37. d6 Qf7 38. Rxg7+ Qxg7 39. Ra1 Ra8 1-0

[Event "España ch sub-18 2012"]
[Site "Salobreña ESP"]
[Date "2012.07.24"]
[Round "3.12"]
[White "Angeleri Gastanaga, Rodrigo N"]
[Black "Tejedor Fuentes, Enrique"]
[Result "0-1"]
[WhiteElo "2096"]
[BlackElo "2254"]
[PlyCount "96"]
[EventDate "2012.07.23"]
[EventType "swiss"]
[EventRounds "9"]
[EventCountry "ESP"]
[Source "lmi"]
[SourceDate "2012.07.23"]

1. c4 g6 2. Nc3 Bg7 3. g3 d6 4. Bg2 Nc6 5. d3 e5 6. e3 f5 7. Nge2 Nf6 8. O-O
O-O 9. Rb1 g5 10. f4 gxf4 11. gxf4 Ne7 12. Ng3 c6 13. Bd2 exf4 14. Rxf4 Ng6 15.
Rf1 Ng4 16. Nce2 f4 17. exf4 Qb6+ 18. Kh1 Nf2+ 19. Rxf2 Qxf2 20. Ne4 Qh4 21.
Nxd6 Bh3 22. Be4 Bg4 23. Qe1 Bxe2 24. Qxe2 Nxf4 25. Qe1 Qxe1+ 26. Rxe1 Rad8 27.
Bxf4 Rxf4 28. Nxb7 Rc8 29. Re2 Bd4 30. Na5 c5 31. Bd5+ Kh8 32. Nc6 Rcf8 33.
Nxa7 Rf1+ 34. Kg2 R1f2+ 35. Rxf2 Rxf2+ 36. Kg3 Rxb2 37. Nc6 Bf2+ 38. Kf3 Rxa2
39. h3 Kg7 40. Ne5 h5 41. Nc6 Kf6 42. Nd8 Bg1 43. Be4 Rf2+ 44. Kg3 h4+ 45. Kxh4
Bh2 46. Kh5 Rf4 47. Ne6 Kxe6 48. Kg5 Rxe4 0-1

[Event "España ch sub-18 2012"]
[Site "Salobreña ESP"]
[Date "2012.07.24"]
[Round "3.13"]
[White "Gutierrez Valero, Mario"]
[Black "Perez Barreto, Adrian"]
[Result "1/2-1/2"]
[WhiteElo "2135"]
[BlackElo "1961"]
[PlyCount "103"]
[EventDate "2012.07.23"]
[EventType "swiss"]
[EventRounds "9"]
[EventCountry "ESP"]
[Source "lmi"]
[SourceDate "2012.07.23"]

1. d4 Nf6 2. c4 g6 3. Nc3 Bg7 4. e4 d6 5. h3 Nbd7 6. Bg5 e5 7. d5 a5 8. Bd3 Nc5
9. Bc2 Bd7 10. Nge2 c6 11. O-O h6 12. Bxf6 Bxf6 13. dxc6 Bxc6 14. Nd5 Bg7 15.
Nec3 O-O 16. Ne3 Ne6 17. Kh2 Ng5 18. Rb1 Ra6 19. a3 Bd7 20. b4 Be6 21. Ncd5 f5
22. exf5 gxf5 23. f4 Nh7 24. b5 Ra8 25. Kh1 e4 26. Qd2 b6 27. Bd1 Rc8 28. Rc1
Kh8 29. Bh5 Bf7 30. Qd1 Bxd5 31. Nxd5 Nf6 32. Ne3 Rc5 33. Bg6 Ng8 34. Qh5 Ne7
35. Bf7 Qc7 36. Rcd1 Ng8 37. Be6 Ne7 38. Nd5 Nxd5 39. cxd5 Rxb5 40. Bxf5 e3 41.
Rfe1 Rb3 42. Qg6 Kg8 43. Rc1 Rc3 44. Rxc3 Qxc3 45. Qe6+ Kh8 46. Rxe3 Qc1+ 47.
Re1 Qxf4 48. Be4 Be5 49. g3 Qd2 50. Rg1 Qg5 51. h4 Qf6 52. Qxf6+ 1/2-1/2

[Event "España ch sub-18 2012"]
[Site "Salobreña ESP"]
[Date "2012.07.24"]
[Round "3.14"]
[White "Gomez Dieguez, David"]
[Black "Valhondo Morales, Ruben"]
[Result "0-1"]
[WhiteElo "2081"]
[BlackElo "2085"]
[PlyCount "120"]
[EventDate "2012.07.23"]
[EventType "swiss"]
[EventRounds "9"]
[EventCountry "ESP"]
[Source "lmi"]
[SourceDate "2012.07.23"]

1. e4 c5 2. Nf3 e6 3. Nc3 a6 4. g3 Nc6 5. d4 cxd4 6. Nxd4 d6 7. Bg2 Bd7 8. O-O
Be7 9. Nde2 Rc8 10. b3 Nf6 11. Ba3 Qc7 12. Qd2 b5 13. Bb2 O-O 14. Nd1 Nb8 15.
Ne3 Bc6 16. f3 Rfd8 17. Rac1 Nbd7 18. Nd4 Ba8 19. c4 b4 20. Qxb4 Bf8 21. Qd2
Qa7 22. Kh1 h5 23. Rfd1 Ne5 24. Ne2 Ng6 25. Nf4 Ne5 26. Nd3 Ng6 27. b4 Qb8 28.
a4 h4 29. g4 d5 30. cxd5 Rxc1 31. Rxc1 exd5 32. e5 d4 33. exf6 dxe3 34. Qxe3
Re8 35. Qf2 gxf6 36. Bxf6 Qd6 37. Qd4 Qxd4 38. Bxd4 Rd8 39. Rc4 Bd5 40. Bf6
Bxc4 41. Bxd8 Bxd3 42. b5 axb5 43. axb5 Bxb5 44. f4 Nxf4 45. Bxh4 Nxg2 46. Kxg2
Kg7 47. Bf2 Be7 48. h3 Kg6 49. Kg3 Bd6+ 50. Kh4 Bf4 51. Bd4 Bf1 52. Bc5 Kf6 53.
Bd4+ Ke6 54. Bc5 Kd5 55. Bb6 Ke4 56. Bc5 Kf3 57. Bd4 Kg2 58. g5 Be2 59. g6 fxg6
60. Bf6 g5+ 0-1

[Event "España ch sub-18 2012"]
[Site "Salobreña ESP"]
[Date "2012.07.24"]
[Round "3.15"]
[White "Pardo Simon, David"]
[Black "Fernandez Gonzalez, Sergio"]
[Result "1-0"]
[WhiteElo "2421"]
[BlackElo "1959"]
[PlyCount "47"]
[EventDate "2012.07.23"]
[EventType "swiss"]
[EventRounds "9"]
[EventCountry "ESP"]
[Source "lmi"]
[SourceDate "2012.07.23"]

1. e4 Nf6 2. e5 Nd5 3. d4 d6 4. c4 Nb6 5. exd6 exd6 6. Nc3 Be7 7. Be3 O-O 8.
Bd3 Nc6 9. h3 Bf6 10. Nf3 Re8 11. O-O Nb4 12. Be2 Bf5 13. Rc1 c6 14. Qb3 Na6
15. Rfd1 Nc7 16. a4 Bc8 17. Bf4 Ne6 18. Bg3 d5 19. cxd5 Nxd5 20. Nxd5 cxd5 21.
Ne5 Nxd4 22. Rxd4 Bxe5 23. Rxd5 Qf6 24. Qe3 1-0

[Event "España ch sub-18 2012"]
[Site "Salobreña ESP"]
[Date "2012.07.24"]
[Round "3.16"]
[White "De La Esperanza Martin, Alberto"]
[Black "Aranaz Murillo, Amalia"]
[Result "0-1"]
[WhiteElo "1907"]
[BlackElo "2248"]
[PlyCount "116"]
[EventDate "2012.07.23"]
[EventType "swiss"]
[EventRounds "9"]
[EventCountry "ESP"]
[Source "lmi"]
[SourceDate "2012.07.23"]

1. e4 e6 2. d4 d5 3. Nd2 Nc6 4. c3 e5 5. exd5 Qxd5 6. Qe2 Be7 7. dxe5 Nxe5 8.
Ngf3 Nc6 9. h3 Nf6 10. Qc4 O-O 11. Bd3 Rd8 12. Bc2 Qh5 13. O-O Be6 14. Qh4 Qxh4
15. Nxh4 Nd5 16. Nhf3 Nf4 17. Re1 Nd3 18. Re3 Nxc1 19. Rxc1 Bd6 20. Rce1 h6 21.
R3e2 Bf4 22. Nb3 Bd5 23. Nfd4 Nxd4 24. Nxd4 c5 25. Nb3 b6 26. g3 Bg5 27. h4 Bf6
28. Be4 Bxe4 29. Rxe4 Rd7 30. Kf1 g6 31. Kg2 Kg7 32. Kf1 Rc8 33. R1e2 Rd1+ 34.
Kg2 Rcd8 35. R2e3 R8d5 36. Re2 h5 37. R2e3 b5 38. Re2 c4 39. Na5 R1d2 40. Nc6
a6 41. Nb4 Rd6 42. Nc2 Rxe2 43. Rxe2 Kf8 44. a3 a5 45. Kf3 Bg7 46. Kg2 Rd5 47.
Kf3 Bh6 48. Nd4 b4 49. axb4 axb4 50. Ke4 Rd7 51. cxb4 f5+ 52. Nxf5 gxf5+ 53.
Kxf5 Rb7 54. Kg6 Bg7 55. Kxh5 Rxb4 56. Re4 Bxb2 57. Kg6 Rb6+ 58. Kh5 Rc6 0-1

[Event "España ch sub-18 2012"]
[Site "Salobreña ESP"]
[Date "2012.07.24"]
[Round "3.17"]
[White "Quintin Navarro, Alberto"]
[Black "Lopez Garralon, Miguel"]
[Result "1-0"]
[WhiteElo "2210"]
[BlackElo "1954"]
[PlyCount "43"]
[EventDate "2012.07.23"]
[EventType "swiss"]
[EventRounds "9"]
[EventCountry "ESP"]
[Source "lmi"]
[SourceDate "2012.07.23"]

1. e4 d6 2. Nc3 Nf6 3. f4 Nbd7 4. Nf3 e5 5. Bc4 h6 6. d3 c6 7. O-O Be7 8. a3 b5
9. Ba2 a5 10. b4 O-O 11. Qe1 Re8 12. Qg3 Nh5 13. Qg6 d5 14. Qxh5 Nf6 15. Qh4
Nxe4 16. Qe1 Nxc3 17. Qxc3 Qb6+ 18. Kh1 axb4 19. axb4 Be6 20. Nxe5 Ra4 21. f5
d4 22. fxe6 1-0

[Event "España ch sub-18 2012"]
[Site "Salobreña ESP"]
[Date "2012.07.24"]
[Round "3.18"]
[White "Blazquez Criado, Sergio"]
[Black "Fernandez Lledo, Javier"]
[Result "0-1"]
[WhiteElo "1888"]
[BlackElo "2207"]
[PlyCount "56"]
[EventDate "2012.07.23"]
[EventType "swiss"]
[EventRounds "9"]
[EventCountry "ESP"]
[Source "lmi"]
[SourceDate "2012.07.23"]

1. e4 c5 2. d4 cxd4 3. c3 dxc3 4. Nxc3 e6 5. Nf3 a6 6. Bc4 b5 7. Bb3 Bb7 8. Qe2
Ne7 9. O-O Ng6 10. Bg5 Be7 11. Bxe7 Qxe7 12. Rfd1 O-O 13. Nd4 Nc6 14. Qe3 Na5
15. f4 Nxb3 16. Nxb3 Rac8 17. Rd2 d6 18. Rad1 Rfd8 19. a3 Ba8 20. g3 Nf8 21.
Na2 Rc4 22. Rd4 Qa7 23. Kf2 Rc2+ 24. R1d2 Rxd2+ 25. Rxd2 Qb7 26. Nc5 Qc8 27.
Nd3 Nd7 28. b3 Nf6 0-1

[Event "España ch sub-18 2012"]
[Site "Salobreña ESP"]
[Date "2012.07.24"]
[Round "3.19"]
[White "Martin Hernandez, Ruben"]
[Black "Garcia Del Campo, Efren"]
[Result "1-0"]
[WhiteElo "2195"]
[BlackElo "1936"]
[PlyCount "95"]
[EventDate "2012.07.23"]
[EventType "swiss"]
[EventRounds "9"]
[EventCountry "ESP"]
[Source "lmi"]
[SourceDate "2012.07.23"]

1. e4 c5 2. Nf3 e6 3. d4 cxd4 4. Nxd4 a6 5. f4 d6 6. Bd3 Nf6 7. Qf3 Nbd7 8. Nc3
Be7 9. Bd2 Qc7 10. g4 Nc5 11. g5 Nfd7 12. O-O-O b5 13. Kb1 Bb7 14. Rhe1 b4 15.
Nce2 d5 16. e5 g6 17. c3 Nxd3 18. Qxd3 Nc5 19. Qe3 bxc3 20. Bxc3 Ne4 21. Rc1
Qb6 22. Qd3 Nc5 23. Qd1 a5 24. Nb3 a4 25. Nxc5 Bxc5 26. Bd4 Bxd4 27. Nxd4 O-O
28. Qd2 Rfc8 29. Rxc8+ Rxc8 30. Rc1 Rxc1+ 31. Kxc1 Ba6 32. Qc3 Bc4 33. b3 axb3
34. axb3 Bxb3 35. Nxb3 Qg1+ 36. Kb2 Qxh2+ 37. Qd2 Qg1 38. Qd4 Qg2+ 39. Ka3 h5
40. gxh6 Qh2 41. Nc5 Qxh6 42. Nd7 Qh3+ 43. Kb4 Qf1 44. Kc5 Qa6 45. Qb4 Qc8+ 46.
Kd6 Kg7 47. Ke7 Qc4 48. Qb8 1-0

[Event "España ch sub-18 2012"]
[Site "Salobreña ESP"]
[Date "2012.07.24"]
[Round "3.20"]
[White "Navarro Molina, David"]
[Black "Rey Malde, Henrique"]
[Result "0-1"]
[WhiteElo "2141"]
[BlackElo "1905"]
[PlyCount "114"]
[EventDate "2012.07.23"]
[EventType "swiss"]
[EventRounds "9"]
[EventCountry "ESP"]
[Source "lmi"]
[SourceDate "2012.07.23"]

1. d4 Nf6 2. Nf3 c5 3. d5 b5 4. Bg5 d6 5. a4 b4 6. g3 Nbd7 7. Bg2 g6 8. Nfd2
Bg7 9. c4 bxc3 10. Nxc3 O-O 11. O-O Rb8 12. Rb1 Ba6 13. Na2 Qa5 14. b3 h6 15.
Bxf6 Nxf6 16. Re1 Rfc8 17. Qc2 Nd7 18. h3 Nb6 19. Ne4 c4 20. b4 Qxa4 21. Qd2
Qd7 22. Nac3 Na4 23. Rec1 Nxc3 24. Nxc3 Rb6 25. Ra1 Rcb8 26. Ra5 Bc8 27. Na2
Ba6 28. Bf1 Qc7 29. Kh2 Kh7 30. e4 c3 31. Nxc3 Bxf1 32. Ne2 Qb7 33. Rxf1 Rxb4
34. Qe3 Qb6 35. Rxa7 Rxe4 36. Qxe4 Qxa7 37. Kg2 Rb5 38. Nf4 Qb7 39. Re1 Be5 40.
Kg1 Kg7 41. Kh2 Bxf4 42. Qxf4 Rxd5 43. Qf3 Rb5 44. Qc3+ e5 45. Rd1 Rb2 46. Qe3
Qb6 47. Qxb6 Rxb6 48. Kg2 f5 49. Kf3 Kf6 50. Rc1 e4+ 51. Ke2 d5 52. Rc8 d4 53.
Rh8 d3+ 54. Ke3 Rb2 55. Ra8 Re2+ 56. Kd4 d2 57. Ra6+ Ke7 0-1

[Event "España ch sub-18 2012"]
[Site "Salobreña ESP"]
[Date "2012.07.24"]
[Round "3.21"]
[White "Molina Rodriguez, Borja"]
[Black "Alvarez Dominguez, Breixo"]
[Result "1-0"]
[WhiteElo "2124"]
[BlackElo "1898"]
[PlyCount "125"]
[EventDate "2012.07.23"]
[EventType "swiss"]
[EventRounds "9"]
[EventCountry "ESP"]
[Source "lmi"]
[SourceDate "2012.07.23"]

1. e4 c6 2. d4 d5 3. Nc3 dxe4 4. Nxe4 Bf5 5. Ng3 Bg6 6. N1e2 Nf6 7. Nf4 Nd5 8.
h4 Nxf4 9. Bxf4 h6 10. h5 Bh7 11. Qd2 e6 12. O-O-O Nd7 13. Bd3 Bxd3 14. Qxd3
Be7 15. Ne4 Nf6 16. f3 Nxe4 17. fxe4 Bg5 18. g3 Qa5 19. Kb1 O-O-O 20. Qf3 Rd7
21. Rd3 Rhd8 22. Rhd1 f5 23. Be5 fxe4 24. Qxe4 Qd5 25. Qxd5 exd5 26. Rf1 b6 27.
Rdf3 Re7 28. Rf7 Rdd7 29. Rf8+ Rd8 30. c3 Rxf8 31. Rxf8+ Kd7 32. g4 Ke6 33. Rc8
c5 34. Rc6+ Kf7 35. Rd6 cxd4 36. cxd4 Bf6 37. Bxf6 gxf6 38. Rxd5 Ke6 39. Rf5
Rg7 40. Rf4 Rg5 41. Kc2 f5 42. gxf5+ Kf6 43. Rf2 Rxh5 44. Kd3 Rxf5 45. Rh2 h5
46. Ke4 Rg5 47. d5 Rg4+ 48. Kf3 Rg5 49. Ke4 Rg4+ 50. Kd3 h4 51. Re2 Rg5 52. Kc4
h3 53. d6 Rg7 54. Kd5 Rg3 55. d7 Rd3+ 56. Kc6 Rd1 57. Kc7 Rc1+ 58. Kd8 Rg1 59.
Rh2 Ke6 60. Rxh3 Kd6 61. Rd3+ Ke6 62. Kc8 Rc1+ 63. Kb7 1-0